| 000 | 05169nam a22006257a 4500 | ||
|---|---|---|---|
| 005 | 20080811093547.0 | ||
| 008 | 080811t xxu||||| |||| 00| 0 eng d | ||
| 010 | _aB-282129-161 | ||
| 020 |
_a0590466178 _c95.00 |
||
| 035 | _aB-282129-161 | ||
| 040 |
_aDPL _bEN |
||
| 082 | _aS | ||
| 100 | _aStine, R.L. | ||
| 245 |
_aNight of the living Dummy / _cby R.L. Stine |
||
| 260 |
_bScholastic India _c2006 _aNew York |
||
| 270 |
_a550 A, Pace City-II, Sector - 37, (Vender) _bGurgaon _e122004 _k2212432 |
||
| 300 |
_a134p. _c19 cm (pbk) |
||
| 490 | _aGoosebumps - 7 | ||
| 942 |
_cCH _hS _2ddc _mSTI |
||
| 999 |
_c13485 _d13485 |
||